MARC details
| 000 -LEADER |
| fixed length control field |
01209nam a22003257a 4500 |
| 001 - CONTROL NUMBER |
| control field |
1667620 |
| 003 - CONTROL NUMBER IDENTIFIER |
| control field |
BDDh-ASL |
| 005 - DATE AND TIME OF LATEST TRANSACTION |
| control field |
20231015030312.0 |
| 007 - PHYSICAL DESCRIPTION FIXED FIELD--GENERAL INFORMATION |
| fixed length control field |
hduafb---bacp |
| 007 - PHYSICAL DESCRIPTION FIXED FIELD--GENERAL INFORMATION |
| fixed length control field |
hdubfb---baap |
| 008 - FIXED-LENGTH DATA ELEMENTS--GENERAL INFORMATION |
| fixed length control field |
980528s1949 ii a a s000 0 eng |
| 010 ## - LIBRARY OF CONGRESS CONTROL NUMBER |
| LC control number |
97910854 |
| 025 ## - OVERSEAS ACQUISITION NUMBER |
| Overseas acquisition number |
NBIL-08576 |
| 040 ## - CATALOGING SOURCE |
| Original cataloging agency |
DLC |
| Transcribing agency |
DLC |
| Modifying agency |
BDDh-ASL |
| 042 ## - AUTHENTICATION CODE |
| Authentication code |
lcode |
| 050 00 - LIBRARY OF CONGRESS CALL NUMBER |
| Classification number |
Microfilm GSN-ENG-561 (D) |
| 082 ## - DEWEY DECIMAL CLASSIFICATION NUMBER |
| Classification number |
923.254 |
| Item number |
KSG |
| 245 00 - TITLE STATEMENT |
| Title |
Gandhi memorial peace number / |
| Statement of responsibility, etc. |
edited by Kshitis Roy. |
| 260 ## - PUBLICATION, DISTRIBUTION, ETC. |
| Place of publication, distribution, etc. |
Santiniketan : |
| Name of publisher, distributor, etc. |
Visva-Bharati, |
| Date of publication, distribution, etc. |
1949. |
| 300 ## - PHYSICAL DESCRIPTION |
| Extent |
xvii, 339, ix p. : |
| Other physical details |
ill. ; |
| Dimensions |
24 cm. |
| 520 ## - SUMMARY, ETC. |
| Summary, etc. |
Contributed articles. |
| 533 ## - REPRODUCTION NOTE |
| Type of reproduction |
Microfilm. |
| Place of reproduction |
New Delhi : |
| Agency responsible for reproduction |
Library of Congress Office ; |
| Place of reproduction |
Chicago : |
| Agency responsible for reproduction |
Available from Center for Research Libraries, |
| Date of reproduction |
1997. |
| Physical description of reproduction |
On 1 microfilm reel with other items ; 35 mm. |
| Series statement of reproduction |
(SAMP early 20th-century Indian books project ; item 08576) |
| Note about reproduction |
Master microform held by: ICRL. |
| 600 00 - SUBJECT ADDED ENTRY--PERSONAL NAME |
| Personal name |
Gandhi, |
| Titles and other words associated with a name |
Mahatma, |
| Dates associated with a name |
1869-1948. |
| 700 1# - ADDED ENTRY--PERSONAL NAME |
| Personal name |
Roy, Kshitis. |
| 730 0# - ADDED ENTRY--UNIFORM TITLE |
| Uniform title |
Visva-Bharati quarterly |
| 830 #0 - SERIES ADDED ENTRY--UNIFORM TITLE |
| Uniform title |
SAMP early 20th-century Indian books project ; |
| Volume/sequential designation |
item 08576. |
| 906 ## - LOCAL DATA ELEMENT F, LDF (RLIN) |
| a |
7 |
| b |
cbc |
| c |
origode |
| d |
5 |
| e |
ncip |
| f |
19 |
| g |
y-genmicro |
| 942 ## - ADDED ENTRY ELEMENTS (KOHA) |
| Source of classification or shelving scheme |
Dewey Decimal Classification |
| Koha item type |
Books |